| 000 | 01864nam a2200373 a 4500 | ||
|---|---|---|---|
| 001 | ebr10497692 | ||
| 003 | CaPaEBR | ||
| 006 | m u | ||
| 007 | cr cn||||||||| | ||
| 008 | 100923s2011 dcu sb 001 0 eng d | ||
| 010 | _z 2010040836 | ||
| 020 | _z9781589017658 (pbk. : alk. paper) | ||
| 020 | _z9781589017924 (e-book) | ||
| 040 |
_aCaPaEBR _cCaPaEBR |
||
| 035 | _a(OCoLC)763156470 | ||
| 043 | _an-us--- | ||
| 050 | 1 | 4 |
_aJC328.2 _b.M39 2011eb |
| 082 | 0 | 4 |
_a306.20973 _222 |
| 100 | 1 | _aMay, William F. | |
| 245 | 1 | 0 |
_aTesting the national covenant _h[electronic resource] : _bfears and appetites in American politics / _cWilliam F. May. |
| 260 |
_aWashington, D.C. : _bGeorgetown University Press, _c2011. |
||
| 300 | _axvii, 174 p. | ||
| 504 | _aIncludes bibliographical references and index. | ||
| 505 | 0 | _aContaining runaway fears in America foreign policy -- The overreach of free market ideology : business and government -- Free market ideology : bearing on other centers of power -- Curbing runaway appetites in domestic policy -- The national covenant : we the people -- The national covenant : forming a more perfect union -- Keeping covenant with immigrants and undocumented workers. | |
| 533 |
_aElectronic reproduction. _bPalo Alto, Calif. : _cebrary, _d2011. _nAvailable via World Wide Web. _nAccess may be limited to ebrary affiliated libraries. |
||
| 650 | 0 |
_aConsensus (Social sciences) _zUnited States. |
|
| 650 | 0 |
_aPublic interest _zUnited States. |
|
| 650 | 0 | _aCommon good. | |
| 650 | 0 |
_aPolitical culture _xMoral and ethical aspects _zUnited States. |
|
| 651 | 0 |
_aUnited States _xPolitics and government _y2009- |
|
| 655 | 7 |
_aElectronic books. _2local |
|
| 710 | 2 | _aebrary, Inc. | |
| 856 | 4 | 0 |
_uhttp://site.ebrary.com/lib/rucke/Doc?id=10497692 _zAn electronic book accessible through the World Wide Web; click to view |
| 999 |
_c129429 _d129429 |
||